000
00332nam a2200157Ia 4500
100
_a
B'Far Reza
650
_a
Mobile computing
942
_c
BK
366
_f
25
245
_a
Mobile computing principles
260
_b
Cambridge
_c
2005
082
_a
621.382
_b
BFA
300
_a
861
546
_a
ENGLISH
_c
Computers
999
_c
28918
_d
28918